La dinámica familiar del enfermo celoso / (Record no. 70277)
[ view plain ]
| 000 -LEADER | |
|---|---|
| campo de control de longitud fija | 00755nam a2200205 i 4500 |
| 001 - NÚMERO DE CONTROL | |
| campo de control | 70277 |
| 003 - IDENTIFICADOR DE NÚMERO DE CONTROL | |
| campo de control | ES-MaACL |
| 005 - FECHA Y HORA DE LA ÚLTIMA TRANSACCIÓN | |
| campo de control | 20250705090532.0 |
| 007 - CAMPO FIJO DE DESCRIPCIÓN FÍSICA--INFORMACIÓN GENERAL | |
| campo de control de longitud fija | t| |
| 008 - DATOS DE LONGITUD FIJA--INFORMACIÓN GENERAL | |
| campo de control de longitud fija | 040721s1972 sp ||||1| spa d |
| 100 1# - ENTRADA PRINCIPAL--NOMBRE DE PERSONA | |
| Nombre de persona | García Reyes, Sergio. |
| 9 (RLIN) | 55174 |
| 245 13 - MENCIÓN DEL TÍTULO | |
| Título | La dinámica familiar del enfermo celoso / |
| Mención de responsabilidad, etc. | Sergio García Reyes, Manuel González Chaves Menéndez y Enrique González Duro. |
| 260 ## - PUBLICACIÓN, DISTRIBUCIÓN, ETC. | |
| Lugar de publicación, distribución, etc. | [Madrid] : |
| Nombre del editor, distribuidor, etc. | Asociación Española de Neuropsiquiatría, |
| Fecha de publicación, distribución, etc. | 1972. |
| 300 ## - DESCRIPCIÓN FÍSICA | |
| Extensión | 252 p. ; |
| Dimensiones | 25 cm. |
| 700 1# - ENTRADA AGREGADA--NOMBRE PERSONAL | |
| Nombre de persona | González Chaves Menéndez, Manuel. |
| 9 (RLIN) | 58511 |
| 700 1# - ENTRADA AGREGADA--NOMBRE PERSONAL | |
| Nombre de persona | González Duro, E., |
| Fechas asociadas al nombre | 1939- |
| 9 (RLIN) | 58607 |
| 710 2# - ENTRADA AGREGADA--NOMBRE DE ENTIDAD CORPORATIVA | |
| Nombre de entidad corporativa o nombre de jurisdicción como elemento de entrada | Asociación Española de Neuropsiquiatría. |
| 9 (RLIN) | 1677 |
| 852 ## - LOCALIZACIÓN | |
| Ubicación | ES-MaACL |
| Número de control de estantería | C-48736 |
| Sublocalización o colección | R.84760 |
| Estatus retirado | Estado de pérdida | Estado de daño | No para préstamo | Biblioteca de origen | Biblioteca actual | Ubicación en estantería | Fecha de adquisición | Fuente de adquisición | Total de préstamos | Signatura topográfica completa | Código de barras | Visto por última vez | Precio de reemplazo | Tipo de ítem Koha |
|---|---|---|---|---|---|---|---|---|---|---|---|---|---|---|
| Biblioteca del Ateneo de Madrid | Biblioteca del Ateneo de Madrid | Depósito 2 | 17/01/2008 | C-48736 | 1073592 | 23/02/2023 | 23/02/2023 | Libro impreso |
